Vida de Juan Pablo Duarte / (Registro nro. 13521)

Detalles MARC
000 -LIDER
fixed length control field 00955nam a2200301 a 4500
001 - NÚMERO DE CONTROL
Identificador de número de control
003 - IDENTIFICACDOR DE NÚMERO DE CONTROL
control field DO-SdBNP
005 - DATE AND TIME OF LATEST TRANSACTION
control field 20210524074821.0
007 - CAMPOS FIJOS DE DESCRIPCIÓN FÍSICA
fixed length control field
008 - ELEMENTOS DE LONGITUD FIJA
fixed length control field 090717s2013 dr a 000 0 spa d
040 ## - FUENTE DE CATALOGACIÓN
Agencia que crea de manera original el registro BPMSU
Idioma de catalogación spa
Agencia que realiza la transcripción BPMSU
082 #4 - NÚMERO DE CLASIFICACIÓN DECIMAL DE DEWEY
Classification number 923.27293
Item number D812T
Edition number 22
100 1# - ASIENTO PRINCIPAL -- NOMBRE PERSONAL
Nombre personal Troncoso Sánchez, Pedro
Fechas asociadas con el nombre 1904-
245 10 - MENCIÓN DE TITULO
Título Vida de Juan Pablo Duarte /
Mención de responsabilidad Pedro Troncoso Sánchez
Subtítulo
250 ## - MENCIÓN DE EDICION
Mención de edición 3a. ed.
260 ## - PUBLICACIÓN, DISTRIBUCIÓN, ETC. (PIE DE IMPRENTA)
Lugar de publicación, distribución, etc Santo Domingo :
Nombre del editor, distribuidor, etc. Instituto Duartiano ;
Fecha de publicación, distribución, etc 2013
300 ## - DESCRIPCIÓN FÍSICA
Extensión 522 p. ;
Dimensiones 23 cm.
Otros detalles físicos
490 0# - MENCIÓN DE SERIES
Mención de serie Duartiana,
Volume/sequential designation 11
500 ## - NOTA GENERAL
Nota general Incluye referencias bibliográficas y notas al pie de las páginas
586 ## - AWARDS NOTE
Awards note Premio Nacional de Historia, 1976
590 ## - NOTA LOCAL
Enlace Inventariado, 2021/VM
600 #4 - ENCABEZAMIENTO DE MATERIA--NOMBRE PERSONAL
Nombre personal Duarte y Diez , Juan Pablo
Fechas asociadas con el nombre 1813-1876
651 #4 - ENCABEZAMIENTO DE MATERIA--NOMBRE GEOGRÁFICO
Nombre geográfico República Dominicana
Subdivisión temática general Historia
Subdivisión cronológica 1844-1930
700 1# - ASIENTO SECUNDARIO -- NOMBRE PERSONAL
Nombre personal Tena Reyes, Jorge
830 #0 - ASIENTO SECUNDARIO DE SERIE--TÍTULO UNIFORME
Título uniforme Biografías dominicanas Tobogán
910 ## - VALIDACIÓN
Validación VMateo
942 ## - ADDED ENTRY ELEMENTS (KOHA)
Source of classification or shelving scheme Dewey Decimal Classification
Koha item type Libros
Existencias
Withdrawn status Lost status Source of classification or shelving scheme Damaged status Not for loan Collection code Home library Current library Date acquired Full call number Barcode Date last seen Price effective from Koha item type
    Dewey Decimal Classification     Colección Dominicana Biblioteca Pública Metropolitana Salomé Ureña Biblioteca Pública Metropolitana Salomé Ureña 05/24/2021 BPMSU CD 923.27293 D812T 2013 BPMSU21050138 05/24/2021 05/24/2021 Libros